000 nam a22 7a 4500
999 _c8577
_d8577
008 180118b ||||| |||| 00| 0 eng d
100 _94960
_aREADER'S DIGEST
245 _aSTRANGE WORLDS AMAZING PLACES
260 _aUSA
_bREADER'S DIGEST
_c1995